[Event "2. Bundesliga West 2018/19"]
[Site "Hotel Servus Europa"]
[Date "2019.03.10"]
[Round "11"]
[Board "6"]
[White "Gerhold, Michael"]
[Black "Roeck, Vanessa"]
[Result "1-0"]
[WhiteElo "2222"]
[BlackElo "1627"]
[PlyCount "95"]
[EventDate "2018.10.12"]
[EventType "team"]
[EventRounds "11"]
[EventCountry "AUT"]
[WhiteTeam "Absam"]
[BlackTeam "SPG Oberland"]

1. Nf3 d6 2. d4 g6 3. c4 Bg7 4. e4 Nd7 5. Nc3 c5 6. d5 Ngf6 7. Bd3 O-O 8. O-O
Ng4 9. Be2 Nge5 10. Nd2 Nb6 11. f4 Ned7 12. Nf3 Re8 13. Kh1 Nf8 14. h3 Bd7 15.
Be3 Qc7 16. Qd2 Na4 17. Nxa4 Bxa4 18. Rae1 Reb8 19. e5 Bd7 20. Rc1 a5 21. b3 b5
22. exd6 exd6 23. cxb5 Bxb5 24. Bxb5 Rxb5 25. Nd4 Rb7 26. a4 Rb4 27. Nb5 Qd7
28. Qd3 Re8 29. Bd2 Rbe4 30. Rce1 Rxe1 31. Rxe1 Rxe1+ 32. Bxe1 Qd8 33. Qe4 h6
34. Bd2 Nh7 35. Qe1 Qf6 36. Qe8+ Nf8 37. Qe3 Qa1+ 38. Kh2 Qf6 39. Bxa5 Nh7 40.
Bc7 Bf8 41. a5 g5 42. fxg5 Nxg5 43. a6 Kh7 44. a7 Nxh3 45. gxh3 Qb2+ 46. Kg3
Qg7+ 47. Kf3 Qf6+ 48. Qf4  1-0

[Event "2. Bundesliga West 2018/19"]
[Site "Hotel Servus Europa"]
[Date "2019.03.10"]
[Round "11"]
[Board "1"]
[White "Hoefelsauer, Thomas"]
[Black "Fedorovsky, Michael"]
[Result "1/2-1/2"]
[WhiteElo "2339"]
[BlackElo "2481"]
[PlyCount "68"]
[EventDate "2018.10.12"]
[EventType "team"]
[EventRounds "11"]
[EventCountry "AUT"]
[WhiteTeam "Wolfurt"]
[BlackTeam "Jenbach 2"]

1. d4 Nf6 2. Nf3 d5 3. c4 e6 4. g3 Be7 5. Bg2 O-O 6. O-O dxc4 7. Ne5 Nc6 8.
Bxc6 bxc6 9. Nxc6 Qe8 10. Nxe7+ Qxe7 11. Na3 Rd8 12. Qc2 c5 13. dxc5 Qxc5 14.
Nxc4 Ba6 15. b3 Bxc4 16. Be3 Qh5 17. bxc4 Ng4 18. h4 Nxe3 19. fxe3 Qe5 20. Kf2
Qf6+ 21. Kg2 Qe5 22. Rfd1 Qxe3 23. c5 f5 24. Qc4 Kf7 25. c6 Rd2 26. Rxd2 Qxd2
27. Rb1 Kf6 28. Rb7 Qe3 29. Rd7 Rb8 30. Qc2 Rb1 31. Qxb1 Qxe2+ 32. Kg1 Qe3+ 33.
Kg2 Qe2+ 34. Kg1 Qe3+  1/2-1/2

[Event "2. Bundesliga West 2018/19"]
[Site "Hotel Servus Europa"]
[Date "2019.03.10"]
[Round "11"]
[Board "2"]
[White "Reich, Thomas"]
[Black "Matt, Fabian"]
[Result "1-0"]
[WhiteElo "2360"]
[BlackElo "2228"]
[PlyCount "59"]
[EventDate "2018.10.12"]
[EventType "team"]
[EventRounds "11"]
[EventCountry "AUT"]
[WhiteTeam "Jenbach 2"]
[BlackTeam "Wolfurt"]

1. d4 Nf6 2. c4 e6 3. Nf3 b6 4. Bf4 Bb7 5. e3 Bb4+ 6. Nfd2 d5 7. Qa4+ Nc6 8.
cxd5 Nxd5 9. Bg3 O-O 10. a3 Be7 11. Nf3 Nf6 12. Nbd2 Nh5 13. Rc1 Nxg3 14. hxg3
Nb8 15. Qc2 g6 16. Qxc7 Bc6 17. Qxd8 Rxd8 18. Bd3 Bd5 19. Ke2 Nd7 20. e4 Bb7
21. Rc7 Bc8 22. e5 Bf8 23. g4 a6 24. g5 b5 25. Ne4 Bg7 26. Nf6+ Bxf6 27. gxf6
h5 28. g4 Nb6 29. gxh5 Nd5 30. hxg6  1-0

[Event "2. Bundesliga West 2018/19"]
[Site "Hotel Servus Europa"]
[Date "2019.03.10"]
[Round "11"]
[Board "3"]
[White "Neuberger, Guido"]
[Black "Binder, Moriz"]
[Result "0-1"]
[WhiteElo "2251"]
[BlackElo "2234"]
[PlyCount "110"]
[EventDate "2018.10.12"]
[EventType "team"]
[EventRounds "11"]
[EventCountry "AUT"]
[WhiteTeam "Wolfurt"]
[BlackTeam "Jenbach 2"]

1. d4 d5 2. Bf4 Nf6 3. e3 c5 4. c3 Nc6 5. Nd2 e6 6. Ngf3 Bd6 7. Bg3 O-O 8. Bd3
b6 9. Qe2 Bb7 10. Rd1 Re8 11. e4 Be7 12. e5 Nh5 13. a3 Rc8 14. O-O Nxg3 15.
hxg3 Rc7 16. Rfe1 Qc8 17. Bb5 a6 18. Bxc6 Bxc6 19. Qe3 Bb5 20. g4 a5 21. Qf4
Bd3 22. Re3 Bg6 23. Nf1 Qd8 24. Ree1 Qd7 25. Ng3 cxd4 26. Nxd4 b5 27. Qd2 Bh4
28. Nge2 h6 29. Nf3 Be7 30. Nf4 Bh7 31. Nh3 b4 32. axb4 axb4 33. g5 bxc3 34.
bxc3 hxg5 35. Nhxg5 Bg6 36. Rc1 Rec8 37. Nh4 Bh5 38. f4 Rc4 39. g3 Qc7 40. Nhf3
Rxc3 41. Rxc3 Qxc3 42. Qxc3 Rxc3 43. Rb1 Bxf3 44. Rb8+ Bf8 45. f5 Bg4 46. fxe6
Bxe6 47. Kf2 Rc8 48. Rb2 Be7 49. Nf3 g6 50. Rb7 Bc5+ 51. Ke1 Be3 52. Ke2 d4 53.
Kd3 Bd5 54. Re7 Bxf3 55. e6 Rc3#  0-1

[Event "2. Bundesliga West 2018/19"]
[Site "Hotel Servus Europa"]
[Date "2019.03.10"]
[Round "11"]
[Board "4"]
[White "Hoellrigl, Wilfried"]
[Black "Janko, Ladislav"]
[Result "1-0"]
[WhiteElo "2170"]
[BlackElo "2179"]
[PlyCount "137"]
[EventDate "2018.10.12"]
[EventType "team"]
[EventRounds "11"]
[EventCountry "AUT"]
[WhiteTeam "Jenbach 2"]
[BlackTeam "Wolfurt"]

1. e4 c6 2. d4 d5 3. e5 Bf5 4. Nc3 Qb6 5. g4 Bd7 6. Na4 Qa5+ 7. c3 e6 8. b4 Qc7
9. Be3 a5 10. a3 Be7 11. Bd3 b6 12. f4 axb4 13. axb4 Qa7 14. Nf3 b5 15. Nb6
Qxa1 16. Nxa8 Qxa8 17. O-O Bd8 18. Qc2 Ne7 19. f5 Na6 20. Ng5 Nc7 21. Nxf7 Kxf7
22. fxe6+ Ke8 23. exd7+ Kxd7 24. Bf5+ Nxf5 25. gxf5 Be7 26. Qg2 Qf8 27. Qh3 Kd8
28. Ra1 h5 29. Ra7 h4 30. Rb7 Kc8 31. Rb6 Qf7 32. f6+ Ne6 33. fxe7 Kc7 34. Ra6
Kb7 35. Ra1 Qxe7 36. Rf1 Rf8 37. Rxf8 Nxf8 38. Qf5 Ne6 39. Kg2 Kc7 40. Kh3 Kd7
41. Kg4 Ke8 42. Bg5 Qf7 43. Bxh4 Qxf5+ 44. Kxf5 Kf7 45. Bg5 Nf8 46. h4 Ne6 47.
h5 Nf8 48. e6+ Nxe6 49. Bh4 c5 50. Ke5 cxb4 51. cxb4 Nc7 52. Kd6 Ne6 53. Kxd5
Nf4+ 54. Kc6 Nd3 55. Kxb5 Ke6 56. Kc4 Nb2+ 57. Kc3 Nd1+ 58. Kd2 Nb2 59. Kc2 Nc4
60. Kc3 Nd6 61. Kd3 Nf5 62. Bg5 Kd5 63. b5 Nxd4 64. b6 Nc6 65. Be3 Kd6 66. Ke4
Nd8 67. Kf5 Nc6 68. Bf4+ Kd7 69. b7  1-0

[Event "2. Bundesliga West 2018/19"]
[Site "Hotel Servus Europa"]
[Date "2019.03.10"]
[Round "11"]
[Board "5"]
[White "Bischofberger, Dario"]
[Black "Heinrich, Thomas"]
[Result "1/2-1/2"]
[WhiteElo "2135"]
[BlackElo "2144"]
[PlyCount "42"]
[EventDate "2018.10.12"]
[EventType "team"]
[EventRounds "11"]
[EventCountry "AUT"]
[WhiteTeam "Wolfurt"]
[BlackTeam "Jenbach 2"]

1. d4 d5 2. c4 e6 3. Nf3 Nf6 4. g3 c6 5. Qc2 Be7 6. Nbd2 O-O 7. Bg2 Nbd7 8. O-O
b6 9. e4 dxe4 10. Nxe4 Bb7 11. Rd1 Nxe4 12. Qxe4 Nf6 13. Qe2 Qc8 14. b3 Re8 15.
Bb2 c5 16. h3 cxd4 17. Bxd4 Qc7 18. Be5 Qc5 19. Bd4 Qc7 20. Be5 Qc5 21. Bd4 Qc7
 1/2-1/2

[Event "2. Bundesliga West 2018/19"]
[Site "Hotel Servus Europa"]
[Date "2019.03.10"]
[Round "11"]
[Board "6"]
[White "Kondrak, Christof"]
[Black "Kalcher, Mathias"]
[Result "0-1"]
[WhiteElo "2107"]
[BlackElo "2070"]
[PlyCount "110"]
[EventDate "2018.10.12"]
[EventType "team"]
[EventRounds "11"]
[EventCountry "AUT"]
[WhiteTeam "Jenbach 2"]
[BlackTeam "Wolfurt"]

1. d4 Nf6 2. Bf4 g6 3. e3 Bg7 4. Be2 O-O 5. c3 d6 6. h3 c5 7. dxc5 dxc5 8. Qxd8
Rxd8 9. Bf3 Nd5 10. Bg3 Nb4 11. Na3 Nd3+ 12. Kf1 Nc6 13. Nb5 a6 14. Nc7 Ra7 15.
Nd5 Nxb2 16. Bc7 Rf8 17. Bb6 Ra8 18. Bxc5 Be6 19. Rb1 Na4 20. Nxe7+ Nxe7 21.
Bxe7 Rfe8 22. Rxb7 Nxc3 23. a3 Bc4+ 24. Ne2 Rab8 25. Rxb8 Rxb8 26. Bb4 Na2 27.
g4 Nxb4 28. axb4 Rxb4 29. Kg2 a5 30. Nd4 a4 31. Ra1 Bb5 32. Rd1 Bxd4 33. exd4
a3 34. Bd5 Bc4 35. Bxc4 Rxc4 36. Kf3 Ra4 37. Ke4 Kf8 38. Ra1 a2 39. Kd3 Ke7 40.
Kc3 Kd6 41. Kb3 Ra7 42. Rxa2 Rxa2 43. Kxa2 Kd5 44. Kb2 Kxd4 45. Kc2 Ke4 46. Kd2
Kf3 47. Ke1 Kg2 48. h4 Kh3 49. f3 Kxh4 50. Kf2 h5 51. gxh5 Kxh5 52. Ke3 Kh4 53.
Kf4 f6 54. Ke3 Kg3 55. Ke2 f5  0-1

[Event "2. Bundesliga West 2018/19"]
[Site "Hotel Servus Europa"]
[Date "2019.03.10"]
[Round "11"]
[Board "1"]
[White "Koepke, Christian"]
[Black "Repka, Christopher"]
[Result "0-1"]
[WhiteElo "2316"]
[BlackElo "2523"]
[PlyCount "116"]
[EventDate "2018.10.12"]
[EventType "team"]
[EventRounds "11"]
[EventCountry "AUT"]
[WhiteTeam "Kufstein/Woergl"]
[BlackTeam "Bregenz"]

1. e4 e5 2. Nf3 Nc6 3. Bc4 Nf6 4. d4 exd4 5. e5 d5 6. Bb5 Ne4 7. Nxd4 Bd7 8.
Bxc6 bxc6 9. O-O Bc5 10. f3 Ng5 11. Be3 O-O 12. f4 Ne4 13. Nd2 Rb8 14. Nxe4
dxe4 15. Qe1 Bb6 16. f5 Re8 17. Qg3 Qe7 18. f6 Qf8 19. Rad1 g6 20. Qf4 c5 21.
Nb3 Rbd8 22. Qxe4 Bf5 23. Qc4 Rxe5 24. Rxd8 Qxd8 25. Bxc5 Qxf6 26. Bxb6 Qxb6+
27. Kh1 c5 28. Qc3 Re2 29. Re1 Qe6 30. Rxe2 Qxe2 31. h3 Be4 32. Qg3 Qxc2 33.
Qb8+ Kg7 34. Qe5+ Kh6 35. Qf4+ g5 36. Qd6+ Kg7 37. Nd2 Qxb2 38. Nxe4 Qb1+ 39.
Kh2 Qxe4 40. Qxc5 Qf4+ 41. Kg1 a6 42. a4 h5 43. a5 Qf6 44. Kh2 Kg6 45. Qc2+ Kh6
46. Qc5 Qe6 47. Qf8+ Kh7 48. Qc5 Kg6 49. Qc2+ Kh6 50. Qc5 f6 51. Qb6 Qe5+ 52.
Kg1 g4 53. hxg4 hxg4 54. Qxa6 g3 55. Kf1 Qf5+ 56. Ke1 Qf2+ 57. Kd1 Qg1+ 58. Kd2
Qxg2+  0-1

[Event "2. Bundesliga West 2018/19"]
[Site "Hotel Servus Europa"]
[Date "2019.03.10"]
[Round "11"]
[Board "2"]
[White "Nayhebaver, Martin"]
[Black "Rusche, Johannes"]
[Result "1-0"]
[WhiteElo "2466"]
[BlackElo "2289"]
[PlyCount "69"]
[EventDate "2018.10.12"]
[EventType "team"]
[EventRounds "11"]
[EventCountry "AUT"]
[WhiteTeam "Bregenz"]
[BlackTeam "Kufstein/Woergl"]

1. e4 e5 2. Nf3 Nc6 3. Bb5 a6 4. Ba4 Nf6 5. O-O Be7 6. Re1 b5 7. Bb3 O-O 8. c3
d6 9. h3 Bb7 10. d4 Re8 11. Nbd2 Bf8 12. a3 h6 13. Ba2 Qd7 14. Bb1 Rad8 15. a4
exd4 16. cxd4 Nb4 17. b3 g6 18. Bb2 Bg7 19. Qc1 Nh5 20. Bc3 Nc6 21. axb5 axb5
22. Bd3 Ne7 23. Ra7 Nf4 24. Bf1 c6 25. Nh2 d5 26. Ndf3 dxe4 27. Ne5 Bxe5 28.
dxe5 Ned5 29. Ng4 Kh7 30. Rxe4 f5 31. Rxf4 fxg4 32. Rxg4 c5 33. Bd3 Re6 34. Rh4
Nxc3 35. Qxh6+  1-0

[Event "2. Bundesliga West 2018/19"]
[Site "Hotel Servus Europa"]
[Date "2019.03.10"]
[Round "11"]
[Board "3"]
[White "Neuschmied, Siegfried"]
[Black "Sergeev, Vladimir"]
[Result "1-0"]
[WhiteElo "2284"]
[BlackElo "2412"]
[PlyCount "105"]
[EventDate "2018.10.12"]
[EventType "team"]
[EventRounds "11"]
[EventCountry "AUT"]
[WhiteTeam "Kufstein/Woergl"]
[BlackTeam "Bregenz"]

1. e4 Nf6 2. e5 Nd5 3. d4 d6 4. Nf3 Bg4 5. Be2 c6 6. c4 Bxf3 7. Bxf3 Nb6 8. Qb3
Qd7 9. a4 d5 10. c5 Nc8 11. a5 e6 12. O-O Be7 13. Be2 a6 14. Nc3 Bd8 15. Bd2
Na7 16. Na4 Nb5 17. Qe3 Qe7 18. f4 Nd7 19. f5 exf5 20. Rxf5 g6 21. Rf2 Bc7 22.
Raf1 O-O 23. Nb6 Rae8 24. Nxd7 Qxd7 25. Qd3 f5 26. Bh6 Rf7 27. g4 f4 28. b4
Ree7 29. Bxf4 Bd8 30. Qe3 Nc7 31. Bg5 Rxf2 32. Qxf2 Re8 33. Bh6 Ne6 34. Qe3 Be7
35. h3 Bf8 36. Bf4 Bg7 37. Bg3 Rf8 38. Rxf8+ Bxf8 39. Bh4 Be7 40. Bf6 Bf8 41.
g5 Qf7 42. Bg4 h5 43. gxh6 Kh7 44. Bxe6 Qxe6 45. Bg5 Be7 46. Kg2 Bf8 47. Qf4
Qe8 48. Kg3 Kg8 49. Qf6 Kh7 50. e6 Bxh6 51. Bxh6 Kxh6 52. e7 Qb8+ 53. Qf4+  1-0

[Event "2. Bundesliga West 2018/19"]
[Site "Hotel Servus Europa"]
[Date "2019.03.10"]
[Round "11"]
[Board "4"]
[White "Dobosz, Henryk"]
[Black "Blaskowski, Johannes"]
[Result "1-0"]
[WhiteElo "2399"]
[BlackElo "2301"]
[PlyCount "151"]
[EventDate "2018.10.12"]
[EventType "team"]
[EventRounds "11"]
[EventCountry "AUT"]
[WhiteTeam "Bregenz"]
[BlackTeam "Kufstein/Woergl"]

1. d4 b5 2. e4 Bb7 3. Bd3 e6 4. Nf3 c5 5. c3 Qb6 6. O-O d6 7. a4 c4 8. Bc2 a6
9. axb5 axb5 10. Rxa8 Bxa8 11. Na3 Nd7 12. Re1 h6 13. b3 cxb3 14. Bxb3 Ngf6 15.
d5 e5 16. Bc2 Be7 17. Bd3 b4 18. Nc4 Qb8 19. cxb4 O-O 20. Bd2 Rc8 21. Ne3 Nb6
22. Qb3 Bb7 23. Rc1 g6 24. Rxc8+ Bxc8 25. Nc4 Nxc4 26. Qxc4 Kg7 27. h3 Nd7 28.
Qc1 g5 29. h4 f6 30. hxg5 hxg5 31. Nh2 Nb6 32. Nf1 Bd7 33. Ne3 Bd8 34. Be2 Qc7
35. Qxc7 Bxc7 36. Kf1 Kg6 37. Bd3 Kf7 38. Ke2 Ke7 39. Nc4 Nxc4 40. Bxc4 Bb6 41.
Kf3 Kd8 42. Kg3 Ke7 43. Ba6 Kd8 44. Be2 Bd4 45. Bh5 Bb5 46. Bg4 Bb6 47. Bf5 Be2
48. Be1 Bd4 49. Be6 Bb6 50. f3 Bf1 51. Bf2 Bxf2+ 52. Kxf2 Bb5 53. Kg3 Bf1 54.
Bh3 Bb5 55. Kg4 Be8 56. Kg3 Bb5 57. Bg4 Bf1 58. Be6 Kc7 59. Bh3 Kd8 60. Kg4 Ke7
61. Kh5 Bb5 62. Kg6 Bf1 63. Kh5 Ba6 64. Be6 Bf1 65. Kg4 Kd8 66. g3 Be2 67. Kf5
Ke7 68. Bc8 Kd8 69. Bb7 Bxf3 70. Kxf6 g4 71. Kf5 Be2 72. Bc6 Kc7 73. Be8 Kb6
74. Bh5 Kb5 75. Bxg4 Bd3 76. Bf3  1-0

[Event "2. Bundesliga West 2018/19"]
[Site "Hotel Servus Europa"]
[Date "2019.03.10"]
[Round "11"]
[Board "5"]
[White "Kranewitter, Norbert"]
[Black "Repkova, Eva"]
[Result "0-1"]
[WhiteElo "2008"]
[BlackElo "2288"]
[PlyCount "88"]
[EventDate "2018.10.12"]
[EventType "team"]
[EventRounds "11"]
[EventCountry "AUT"]
[WhiteTeam "Kufstein/Woergl"]
[BlackTeam "Bregenz"]

1. e4 d5 2. exd5 Qxd5 3. Nc3 Qa5 4. d4 c6 5. Bc4 Bf5 6. Bd2 e6 7. g4 Bg6 8. h4
h5 9. Qe2 Bb4 10. a3 hxg4 11. Ba2 Bxc3 12. Bxc3 Qf5 13. d5 cxd5 14. Qb5+ Nd7
15. Ne2 Qe4 16. Rh2 Ngf6 17. Rd1 g3 18. fxg3 Ng4 19. Rd4 Qf5 20. Rf4 Qh5 21.
Rxg4 Qxg4 22. Bb3 Be4 23. Ba4 Rd8 24. Bb4 b6 25. Qa6 e5 26. Qxa7 Rh6 27. Qc7
Bf3 28. Kd2 Rf6 29. Bb5 Bxe2 30. Rxe2 Qd4+ 31. Kc1 Rf1+ 32. Be1 f6 33. Qd6 Qg4
34. Rxe5+ fxe5 35. Qxe5+ Kf8 36. Qd6+ Kg8 37. Bxf1 Qe4 38. Bc3 Rf8 39. Bb5 Qh1+
40. Kd2 Rf2+ 41. Be2 Qe4 42. Kc1 Rxe2 43. Kb1 Rxc2 44. Qxd7 Rxc3+  0-1

[Event "2. Bundesliga West 2018/19"]
[Site "Hotel Servus Europa"]
[Date "2019.03.10"]
[Round "11"]
[Board "6"]
[White "Bezler, Rainer"]
[Black "Maltsev, Oleg"]
[Result "1-0"]
[WhiteElo "2207"]
[BlackElo "2057"]
[PlyCount "83"]
[EventDate "2018.10.12"]
[EventType "team"]
[EventRounds "11"]
[EventCountry "AUT"]
[WhiteTeam "Bregenz"]
[BlackTeam "Kufstein/Woergl"]

1. e4 e6 2. d4 d5 3. Nc3 Bb4 4. e5 c5 5. Bd2 Bd7 6. a3 Bxc3 7. Bxc3 b6 8. dxc5
bxc5 9. b4 c4 10. Nf3 Ba4 11. g3 Nc6 12. Bh3 Qc7 13. O-O h6 14. Qd2 Nge7 15.
Rae1 O-O 16. Re2 Rfd8 17. Rd1 Ng6 18. Bg2 a5 19. h4 axb4 20. axb4 Rdb8 21. h5
Nf8 22. Nd4 Nd7 23. Nxc6 Bxc6 24. Qf4 Ra2 25. g4 Qd8 26. Qg3 Nf8 27. f4 Nh7 28.
Bf3 Ba4 29. Rdd2 Rxb4 30. Bxb4 Qb6+ 31. Kh2 Qxb4 32. c3 Qxc3 33. Rxa2 Bd1 34.
Rf2 Bb3 35. Ra8+ Nf8 36. f5 Qe3 37. fxe6 fxe6 38. Bxd5 Qc5 39. Qf3 Kh7 40. Be4+
Kg8 41. Qxf8+ Qxf8 42. Raxf8#  1-0

[Event "2. Bundesliga West 2018/19"]
[Site "Hotel Servus Europa"]
[Date "2019.03.10"]
[Round "11"]
[Board "1"]
[White "Frank, Emanuel"]
[Black "Froewis, Georg"]
[Result "1/2-1/2"]
[WhiteElo "2175"]
[BlackElo "2419"]
[PlyCount "67"]
[EventDate "2018.10.12"]
[EventType "team"]
[EventRounds "11"]
[EventCountry "AUT"]
[WhiteTeam "ASK Salzburg"]
[BlackTeam "Hohenems II"]

1. d4 d5 2. c4 e6 3. Nf3 Nf6 4. g3 Bb4+ 5. Bd2 Be7 6. Bg2 c6 7. Qc2 Nbd7 8. O-O
b6 9. b3 a5 10. Bc3 Ba6 11. Nbd2 b5 12. Bb2 bxc4 13. bxc4 O-O 14. e4 Nb6 15.
Ne5 Rc8 16. Rfd1 Nfd7 17. Nxd7 Qxd7 18. c5 Nc4 19. Nxc4 Bxc4 20. Bc3 Rfe8 21.
a4 Rb8 22. Rab1 Red8 23. e5 Qa7 24. Bf1 Qa6 25. Rxb8 Rxb8 26. Rb1 Rxb1 27. Qxb1
Bxf1 28. Qxf1 Qb7 29. Qe1 h5 30. Kg2 Qa6 31. Qf1 Qb7 32. Qe1 Qa6 33. Qf1 Qb7
34. Qe1  1/2-1/2

[Event "2. Bundesliga West 2018/19"]
[Site "Hotel Servus Europa"]
[Date "2019.03.10"]
[Round "11"]
[Board "2"]
[White "Berchtenbreiter, Maximilian"]
[Black "Burschowsky, Matthias"]
[Result "1/2-1/2"]
[WhiteElo "2426"]
[BlackElo "2227"]
[PlyCount "69"]
[EventDate "2018.10.12"]
[EventType "team"]
[EventRounds "11"]
[EventCountry "AUT"]
[WhiteTeam "Hohenems II"]
[BlackTeam "ASK Salzburg"]

1. e4 c5 2. Nf3 g6 3. c3 Bg7 4. d4 cxd4 5. cxd4 d5 6. e5 Bg4 7. Bb5+ Nd7 8. O-O
a6 9. Ba4 e6 10. Nbd2 Ne7 11. h3 Bxf3 12. Nxf3 O-O 13. Re1 Rc8 14. Bf4 Nb6 15.
Bc2 Nc4 16. b3 Na3 17. Bd3 Qb6 18. Bc1 Qb4 19. Bd2 Qb6 20. Bc1 Qb4 21. Qe2 Nc6
22. Qb2 Nb5 23. a3 Qc3 24. Qxc3 Nxc3 25. Bd2 Nb5 26. Bxb5 axb5 27. a4 bxa4 28.
bxa4 Ra8 29. Reb1 Ra7 30. Bb4 Nxb4 31. Rxb4 Rfa8 32. Rab1 Bf8 33. Rxb7 Rxb7 34.
Rxb7 h6 35. Rc7  1/2-1/2

[Event "2. Bundesliga West 2018/19"]
[Site "Hotel Servus Europa"]
[Date "2019.03.10"]
[Round "11"]
[Board "3"]
[White "Scheiblmaier, Robert"]
[Black "Novkovic, Milan"]
[Result "1/2-1/2"]
[WhiteElo "2192"]
[BlackElo "2359"]
[PlyCount "60"]
[EventDate "2018.10.12"]
[EventType "team"]
[EventRounds "11"]
[EventCountry "AUT"]
[WhiteTeam "ASK Salzburg"]
[BlackTeam "Hohenems II"]

1. d4 Nf6 2. c4 e6 3. g3 d5 4. Bg2 c6 5. Nd2 Nbd7 6. Ngf3 Bd6 7. O-O O-O 8. Qc2
Re8 9. b3 e5 10. cxd5 cxd5 11. dxe5 Nxe5 12. Bb2 Nc6 13. e3 Bg4 14. a3 Qe7 15.
b4 Rac8 16. Qb3 Red8 17. Rac1 Bc7 18. Nd4 Ne5 19. Rfe1 Bb6 20. h3 Bd7 21. Kh2
Qd6 22. Rxc8 Rxc8 23. Rc1 Rxc1 24. Bxc1 Bxd4 25. exd4 Nc6 26. Qc3 b6 27. Nb3
Ne4 28. Qe1 Qe6 29. b5 Nd8 30. a4 Nb7  1/2-1/2

[Event "2. Bundesliga West 2018/19"]
[Site "Hotel Servus Europa"]
[Date "2019.03.10"]
[Round "11"]
[Board "4"]
[White "Atlas, Dmitry"]
[Black "Loeffler, Christoph"]
[Result "1/2-1/2"]
[WhiteElo "2184"]
[BlackElo "2125"]
[PlyCount "123"]
[EventDate "2018.10.12"]
[EventType "team"]
[EventRounds "11"]
[EventCountry "AUT"]
[WhiteTeam "Hohenems II"]
[BlackTeam "ASK Salzburg"]

1. e4 d5 2. exd5 Nf6 3. d4 Bg4 4. Be2 Bxe2 5. Qxe2 Qxd5 6. Nf3 e6 7. O-O Bd6 8.
Nc3 Qh5 9. Ne5 Qxe2 10. Nxe2 O-O 11. Be3 Nd5 12. Bd2 Rd8 13. Rad1 f6 14. Nd3 b5
15. Rfe1 Nc6 16. c3 e5 17. dxe5 Nxe5 18. Ndf4 Nxf4 19. Bxf4 b4 20. Bg3 Rab8 21.
Nd4 bxc3 22. bxc3 Rb2 23. a4 Kf7 24. Nb5 a6 25. Nd4 Re8 26. Kf1 g6 27. Re2 Rxe2
28. Nxe2 Rb8 29. Nd4 Rb2 30. Nf3 Nxf3 31. gxf3 Ke6 32. Bxd6 cxd6 33. Rd4 Rb3
34. Rc4 Ra3 35. Ke2 f5 36. h4 h6 37. h5 gxh5 38. Rh4 Rxc3 39. Rxh5 Ra3 40.
Rxh6+ Ke5 41. f4+ Ke4 42. Re6+ Kxf4 43. Rxd6 Ra2+ 44. Kd3 Rxa4 45. Ke2 Ra2+ 46.
Ke1 a5 47. Rd4+ Ke5 48. Rc4 a4 49. Kf1 a3 50. Ra4 Kf6 51. Kg2 Ra1 52. Ra8 Kg5
53. Rg8+ Kf4 54. Ra8 Ke4 55. Ra4+ Kd3 56. Ra5 a2 57. Ra8 Ke4 58. Ra4+ Ke5 59.
Ra5+ Kf6 60. Ra8 Kg5 61. Rg8+ Kf6 62. Ra8  1/2-1/2

[Event "2. Bundesliga West 2018/19"]
[Site "Hotel Servus Europa"]
[Date "2019.03.10"]
[Round "11"]
[Board "5"]
[White "Herrmann, Michael"]
[Black "Novkovic, Julia"]
[Result "1/2-1/2"]
[WhiteElo "2124"]
[BlackElo "2143"]
[PlyCount "109"]
[EventDate "2018.10.12"]
[EventType "team"]
[EventRounds "11"]
[EventCountry "AUT"]
[WhiteTeam "ASK Salzburg"]
[BlackTeam "Hohenems II"]

1. c4 e5 2. g3 Nc6 3. Bg2 d6 4. Nc3 Be6 5. Nd5 Qd7 6. e3 Nd8 7. e4 f5 8. d3 c6
9. Nc3 fxe4 10. Nxe4 Nf6 11. Ng5 Bg8 12. Bh3 Qc7 13. Qa4 h6 14. Ne4 Ne6 15. Ne2
Nxe4 16. dxe4 Nc5 17. Qc2 Qf7 18. b3 Qf3 19. O-O Qxe4 20. Qd1 Be6 21. Bg2 Qd3
22. Qe1 Qc2 23. Nd4 exd4 24. b4 O-O-O 25. bxc5 Qxc4 26. Bf4 Bf5 27. Bxd6 Bxd6
28. cxd6 Rxd6 29. Qa5 Qb5 30. Qxa7 Kc7 31. Rfe1 d3 32. Reb1 Qa6 33. Qc5 Bc8 34.
a4 b6 35. Qe5 d2 36. Qxg7+ Bd7 37. Qxh8 Qe2 38. Bf1 d1=Q 39. Rxd1 Rxd1 40. Rxd1
Qxd1 41. Qxh6 Qxa4 42. h4 Qd1 43. Qf4+ Kb7 44. Qf7 Kc8 45. Qf8+ Kc7 46. Qe7 b5
47. Qe2 Qc1 48. Kg2 b4 49. Qe5+ Kb7 50. Bd3 Qd2 51. Qd4 Kc7 52. Qe5+ Kd8 53.
Qb8+ Ke7 54. Qe5+ Kd8 55. Qb8+  1/2-1/2

[Event "2. Bundesliga West 2018/19"]
[Site "Hotel Servus Europa"]
[Date "2019.03.10"]
[Round "11"]
[Board "6"]
[White "Engelhart, Achim"]
[Black "Flatz, Helmut"]
[Result "1/2-1/2"]
[WhiteElo "2126"]
[BlackElo "1871"]
[PlyCount "116"]
[EventDate "2018.10.12"]
[EventType "team"]
[EventRounds "11"]
[EventCountry "AUT"]
[WhiteTeam "Hohenems II"]
[BlackTeam "ASK Salzburg"]

1. e4 c6 2. d4 d5 3. Nd2 dxe4 4. Nxe4 Bf5 5. Ng3 Bg6 6. N1e2 Nf6 7. Nf4 e6 8.
h4 Bf5 9. Nxf5 exf5 10. Bc4 Bd6 11. Qe2+ Qe7 12. Qxe7+ Kxe7 13. O-O Re8 14.
Re1+ Kf8 15. Rxe8+ Kxe8 16. Nd3 Nbd7 17. Bf4 Bxf4 18. Nxf4 Kf8 19. Re1 Re8 20.
Rxe8+ Kxe8 21. Kf1 Ke7 22. Ke2 Nf8 23. c3 Ng6 24. Nxg6+ fxg6 25. Ke3 Ng4+ 26.
Ke2 Nf6 27. Bb3 Kd6 28. Ke3 Ng4+ 29. Kf3 Nf6 30. Kf4 Nh5+ 31. Ke3 Nf6 32. f3 b6
33. Bc4 Nd7 34. Kf4 b5 35. Bb3 Nf6 36. g4 fxg4 37. fxg4 a6 38. g5 Nd7 39. Bg8
h6 40. Ke4 a5 41. c4 bxc4 42. Bxc4 hxg5 43. hxg5 c5 44. dxc5+ Nxc5+ 45. Kf4 Nd7
46. Bd3 Nf8 47. b3 Kd5 48. Bc4+ Kd4 49. Bf7 Kc5 50. Ke5 Nh7 51. Kf4 Nf8 52. a3
Kd6 53. b4 axb4 54. axb4 Kc6 55. Be8+ Kb6 56. Kg4 Ne6 57. Bxg6 Nxg5 58. Kxg5
Kb5  1/2-1/2